Preparing teachers for lifelong education : the report of a multinational study of some developments in teacher education in the perspective of lifelong education

Αποθηκεύτηκε σε:
Λεπτομέρειες βιβλιογραφικής εγγραφής
Κύριος συγγραφέας: Goad, L. H. (Len H.)
Μορφή: Βιβλίο
Γλώσσα:English
Δημοσίευση: Oxford : Unesco Institute for Education; Hamburg and Pergamon Press, 1984
Σειρά:Advances in lifelong education ; ; 8
Θέματα:
Ετικέτες: Προσθήκη ετικέτας
Δεν υπάρχουν, Καταχωρήστε ετικέτα πρώτοι!

MARC

LEADER 00000nam a2200000 i 4500
001 1/76724
008 960801s1984 eng d
020 |a 0-08-026787-4 
035 |a 1987  |c Αγορά  |l 10032483 
040 |a GR-MY-UA  |b gre  |e aacr 
041 0 |a eng 
082 0 |a 374 
100 1 |a Goad, L. H.  |q (Len H.) 
245 1 0 |a Preparing teachers for lifelong education :  |b the report of a multinational study of some developments in teacher education in the perspective of lifelong education /  |c L. H. Goad 
260 |a Oxford :   |b Unesco Institute for Education; Hamburg and Pergamon Press,   |c 1984 
300 |a 188 p. 
490 1 |a Advances in lifelong education  |v ; 8 
650 0 0 |a Continuing education  |x Teacher training. 
830 0 |a Advances in lifelong education ;  |v ; 8 
852 |a INST  |b RHODES  |e 19960801  |h 374 GOA  |p 005400002495  |q 005400002495  |t BK  |y 0 
909 |a Ρ  |b 008006  |c 1987